דגלי כל המדינות בעולם (מעודכן ל 2024) - Statistics

General Stats
  • This quiz has been taken 299 times
    294 since last reset
  • The average score is 74 of 196
Answer Stats
Picture Answer % Correct
ישראל
99%
ארצות הברית
99%
בריטניה
92%
אוסטרליה
90%
ניו זילנד
86%
צרפת
78%
איטליה
76%
רוסיה
75%
הודו
75%
יפן
73%
קוריאה הדרומית
72%
ברזיל
71%
קנדה
70%
אירלנד
69%
יוון
69%
סין
69%
לבנון
69%
שוויץ
69%
ספרד
69%
גרמניה
68%
מצרים
68%
קפריסין
67%
נפאל
67%
טורקיה
67%
איראן
67%
ערב הסעודית
66%
דרום אפריקה
66%
הולנד
65%
מרוקו
65%
פולין
65%
בנגלדש
64%
פינלנד
63%
מקסיקו
61%
ארגנטינה
61%
גאורגיה
60%
וייטנאם
59%
בלגיה
58%
ג׳מייקה
58%
סוריה
58%
לוקסמבורג
57%
קניה
57%
נורווגיה
56%
ירדן
56%
שבדיה
55%
אלבניה
55%
איסלנד
53%
פקיסטן
53%
דנמרק
52%
אוסטריה
52%
צ׳כיה
52%
בולגריה
51%
קריית הוותיקן
51%
חוף השנהב
50%
הונגריה
49%
איחוד האמירויות הערביות
48%
תאילנד
48%
פורטוגל
48%
כווית
47%
קרואטיה
47%
בהוטן
46%
מקדוניה הצפונית
46%
ונצואלה
46%
אסטוניה
46%
אתיופיה
46%
קטר
46%
מלזיה
45%
קוריאה הצפונית
45%
רומניה
45%
ניז׳ר
43%
מלטה
43%
אינדונזיה
43%
קזחסטן
43%
אוקראינה
43%
מדגסקר
42%
פרו
42%
תימן
42%
אורוגוואי
42%
תוניסיה
41%
צ׳ילה
41%
סרביה
41%
סינגפור
40%
עירק
40%
סן מרינו
39%
הפיליפינים
39%
בוסניה והרצגובינה
39%
סלובקיה
39%
אזרבייג׳ן
38%
מונקו
38%
איי סיישל
38%
סלובניה
38%
בחריין
38%
קוסובו
36%
סודן
36%
פפואה גינאה החדשה
35%
אנגולה
35%
לוב
35%
טורקמניסטן
35%
קובה
34%
קמבודיה
34%
אוזבקיסטן
33%
ברבדוס
33%
קולומביה
33%
קמרון
32%
עומאן
32%
פנמה
32%
סומליה
32%
בלרוס
32%
צ׳אד
32%
מיאנמר
31%
האיים המלדיביים
31%
אפגניסטן
31%
ניגריה
30%
פלאו
29%
הרפובליקה הדמוקרטית של קונגו
29%
אוגנדה
29%
הרפובליקה הדומיניקנית
28%
לאוס
28%
ליכטנשטיין
28%
ליטא
28%
אסוואטיני
27%
קוסטה ריקה
27%
מולדובה
27%
סרי לנקה
27%
בורקינה פאסו
26%
דרום סודן
26%
קיריבטי
26%
ארמניה
26%
מונגוליה
26%
מונטנגרו
26%
סנגל
25%
טונגה
24%
נאורו
24%
טנזניה
24%
ליבריה
24%
לטביה
24%
הונדורס
24%
ניקרגואה
24%
טובאלו
23%
מלאווי
23%
אנטיגואה וברבודה
23%
נמיביה
23%
פרגוואי
23%
אל סלוודור
22%
אקוודור
22%
זימבבואה
21%
בליז
21%
בוטסואנה
21%
אנדורה
21%
מאוריטניה
20%
קומורו
20%
רפובליקת קונגו
20%
מוזמביק
20%
טאיוואן
20%
האיטי
20%
אלג׳יריה
19%
רואנדה
19%
ברוניי
19%
איי מרשל
18%
טרינידד וטובגו
18%
אריתריאה
18%
גבון
18%
גאנה
18%
הרפובליקה המרכז אפריקנית
17%
סמואה
17%
גואטמלה
17%
מאלי
17%
כף ורדה
16%
בנין
16%
פיג׳י
15%
איי שלמה
15%
בורונדי
15%
סורינם
15%
זמביה
15%
טג׳יקיסטן
14%
ג׳יבוטי
14%
מיקרונזיה
14%
טוגו
14%
מזרח טימור
13%
ונואטו
13%
סיירה לאון
13%
דומיניקה
13%
איי בהאמה
11%
גינאה המשוונית
11%
גינאה
11%
בוליביה
11%
גויאנה
10%
מאוריציוס
10%
קירגיזסטן
10%
סנט לוסיה
10%
גרנדה
9%
סנט קיטס ונוויס
8%
סאו טומה ופרינסיפה
8%
לסוטו
8%
גמביה
8%
סנט וינסנט והגרנדינים
7%
גינאה ביסאו
5%
No matching quizzes found
Score Distribution
Percent of People with Each Score
Percentile by Number Answered
Your Score History
You have not taken this quiz since the last reset